[Event "POL-chT 2nd League"]
[Site "Poronin"]
[Date "2020.09.11"]
[Round "7.20"]
[White "Pasionek, Ariel"]
[Black "Lach, Piotr"]
[Result "1/2-1/2"]
[WhiteElo "1894"]
[BlackElo "2079"]
[PlyCount "44"]
[EventDate "2020.09.05"]
[EventType "team-swiss"]
[EventRounds "9"]
[EventCountry "POL"]
[SourceTitle "CBM 198 Extra"]
[Source "ChessBase"]
[SourceDate "2020.11.30"]
[SourceVersion "1"]
[SourceVersionDate "2020.11.30"]
[SourceQuality "1"]
[WhiteTeam "Ustrzyki Dolne"]
[BlackTeam "Myslenice MLKSz"]
[WhiteTeamCountry "POL"]
[BlackTeamCountry "POL"]

1. e4 c5 2. b3 Nc6 3. Bb2 d6 4. Bb5 Bd7 5. Ne2 e6 6. 0-0 Nf6 7. d3 Be7 8. Nd2 0-0 9. Ng3 e5 10. Bxc6 bxc6 11. h3 Ne8 12. f4 exf4 13. Rxf4 Bg5 14. Rf1 d5 15. Nf3 Bf4 16. Nh5 Be3+ 17. Kh1 d4 18. Bc1 Bxc1 19. Qxc1 Qe7 20. Qf4 f6 21. Rae1 g6 22. Ng3 Ng7 1/2-1/2

[Event "POL-chT 2nd League"]
[Site "Poronin"]
[Date "2020.09.07"]
[Round "3.15"]
[White "Lach, Piotr"]
[Black "Zawierucha, Aleksander"]
[Result "1/2-1/2"]
[WhiteElo "2079"]
[BlackElo "1899"]
[PlyCount "25"]
[EventDate "2020.09.05"]
[EventType "team-swiss"]
[EventRounds "9"]
[EventCountry "POL"]
[SourceTitle "CBM 198 Extra"]
[Source "ChessBase"]
[SourceDate "2020.11.30"]
[SourceVersion "1"]
[SourceVersionDate "2020.11.30"]
[SourceQuality "1"]
[WhiteTeam "Myslenice MLKSz"]
[BlackTeam "Zory Roszada"]
[WhiteTeamCountry "POL"]
[BlackTeamCountry "POL"]

1. d4 d5 2. Nc3 Nf6 3. Bf4 e6 4. e3 c5 5. Nb5 Na6 6. c3 Be7 7. dxc5 Bxc5 8. Bd3 0-0 9. Nf3 Qb6 10. a4 Bd7 11. 0-0 Be7 12. a5 Qd8 13. Ne5 1/2-1/2

[Event "POL-chT 2nd League"]
[Site "Jastrzebia Gora"]
[Date "2019.09.14"]
[Round "8.9"]
[White "Lach, Piotr"]
[Black "Kopacz, Grzegorz"]
[Result "1/2-1/2"]
[WhiteElo "2125"]
[BlackElo "2111"]
[PlyCount "41"]
[EventDate "2019.09.07"]
[EventType "team-swiss"]
[EventRounds "9"]
[EventCountry "POL"]
[SourceTitle "EXT 2020"]
[Source "ChessBase"]
[SourceDate "2019.10.17"]
[SourceVersion "1"]
[SourceVersionDate "2019.10.17"]
[SourceQuality "1"]
[WhiteTeam "Myslenice MLKSz"]
[BlackTeam "Sedziszow Malopolski"]
[WhiteTeamCountry "POL"]
[BlackTeamCountry "POL"]

1. e4 c5 2. Nf3 Nc6 3. Bb5 g6 4. 0-0 Bg7 5. Re1 e5 6. Bxc6 dxc6 7. d3 Ne7 8. a4 h6 9. Na3 Be6 10. Be3 b6 11. Nc4 Qc7 12. Qd2 Bxc4 13. dxc4 Rd8 14. Qc1 a5 15. h3 Nc8 16. Bd2 Qe7 17. b3 h5 18. Rb1 0-0 19. Bh6 Rd7 20. Bd2 f6 21. c3 1/2-1/2

[Event "POL-chT 2nd League"]
[Site "Jastrzebia Gora"]
[Date "2019.09.11"]
[Round "5.8"]
[White "Kubica, Kamil"]
[Black "Lach, Piotr"]
[Result "1/2-1/2"]
[WhiteElo "2099"]
[BlackElo "2125"]
[PlyCount "23"]
[EventDate "2019.09.07"]
[EventType "team-swiss"]
[EventRounds "9"]
[EventCountry "POL"]
[SourceTitle "EXT 2020"]
[Source "ChessBase"]
[SourceDate "2019.10.17"]
[SourceVersion "1"]
[SourceVersionDate "2019.10.17"]
[SourceQuality "1"]
[WhiteTeam "Czerwionka Leszczyny Skoczek"]
[BlackTeam "Myslenice MLKSz"]
[WhiteTeamCountry "POL"]
[BlackTeamCountry "POL"]

1. d4 Nf6 2. Nf3 e6 3. g3 b5 4. Bg2 Bb7 5. 0-0 Be7 6. Re1 d5 7. c3 Nbd7 8. Qb3 a6 9. a4 c5 10. axb5 c4 11. Qc2 axb5 12. Rxa8 1/2-1/2

[Event "POL-chT 2nd League"]
[Site "Jastrzebia Gora"]
[Date "2016.09.11"]
[Round "9.46"]
[White "Piotrowski, Przemyslaw"]
[Black "Lach, Piotr"]
[Result "1-0"]
[WhiteElo "2252"]
[BlackElo "2135"]
[PlyCount "101"]
[EventDate "2016.09.03"]
[EventType "team-swiss"]
[EventRounds "9"]
[EventCountry "POL"]
[SourceTitle "EXT 2017"]
[Source "ChessBase"]
[SourceDate "2016.10.25"]
[SourceVersion "1"]
[SourceVersionDate "2016.10.25"]
[SourceQuality "1"]
[WhiteTeam "Wroclaw Polonia"]
[BlackTeam "Myslenice MLKSz"]
[WhiteTeamCountry "POL"]
[BlackTeamCountry "POL"]

1. d4 Nf6 2. Nf3 d5 3. g3 e6 4. Bg2 c5 5. 0-0 cxd4 6. Nxd4 Be7 7. c4 dxc4 8. Qa4+ Nbd7 9. Rd1 0-0 10. Qxc4 Qa5 11. Nc3 Ne5 12. Qb5 Qxb5 13. Ndxb5 Bd7 14. Bf4 Nc6 15. Ne4 Nd5 16. Bd6 Bxd6 17. Nexd6 a6 18. Bxd5 exd5 19. Nc7 Rab8 20. Nxd5 Rfd8 21. Nb6 Be6 22. b3 Kf8 23. Ne4 Nd4 24. e3 Nc2 25. Rac1 Nb4 26. a3 Nd3 27. Rc3 Ne5 28. Rxd8+ Rxd8 29. Ng5 Bg4 30. h3 Bh5 31. g4 Bg6 32. f4 h6 33. fxe5 hxg5 34. Rc7 Rd1+ 35. Kf2 Rd2+ 36. Kf3 Rh2 37. Nd5 Ke8 38. Rxb7 Rxh3+ 39. Kg2 Rh4 40. Kg3 Rh1 41. e6 fxe6 42. Nc7+ Ke7 43. Nxa6+ Kf6 44. Nc5 Rg1+ 45. Kf2 Rxg4 46. Nd7+ Kf5 47. Rb5+ Ke4 48. Rb4+ Kf5 49. Rxg4 Kxg4 50. Ne5+ Kf5 51. Nxg6 1-0

[Event "POL-chT 1st League"]
[Site "Jastrzebia Gora"]
[Date "2015.09.13"]
[Round "9.8"]
[White "Lach, Piotr"]
[Black "Szelag, Marcin"]
[Result "0-1"]
[WhiteElo "2128"]
[BlackElo "2449"]
[PlyCount "116"]
[EventDate "2015.09.05"]
[EventType "team-tourn"]
[EventRounds "9"]
[EventCountry "POL"]
[SourceTitle "EXT 2016"]
[Source "ChessBase"]
[SourceDate "2015.10.08"]
[SourceVersion "1"]
[SourceVersionDate "2015.10.08"]
[SourceQuality "1"]
[WhiteTeam "Myslenice"]
[BlackTeam "Gliwice Akademia Szachowa"]
[WhiteTeamCountry "POL"]
[BlackTeamCountry "POL"]

1. e4 e6 2. d4 d5 3. exd5 exd5 4. Nf3 Nc6 5. Bg5 Be7 6. Bxe7 Qxe7+ 7. Be2 Qb4+ 8. Nc3 a6 9. a3 Qd6 10. Ne5 Nf6 11. f4 Bf5 12. 0-0 Ne4 13. Nxe4 Bxe4 14. Bf3 0-0 15. c3 Bxf3 16. Rxf3 f6 17. Nd3 Rfe8 18. f5 b6 19. Rh3 Re4 20. Qh5 h6 21. Nf2 Re7 22. Ng4 Rae8 23. Qg6 Re1+ 24. Rxe1 Rxe1+ 25. Kf2 Re7 26. Rf3 Kf8 27. Ne3 Nd8 28. Qg3 Qd7 29. Rf4 Nf7 30. h4 Nd6 31. Nxd5 Ne4+ 32. Rxe4 Rxe4 33. Ne3 Kg8 34. Kg1 h5 35. Qf3 Qe8 36. Kf2 Rxh4 37. Nd5 Rh1 38. Ne3 Qe7 39. Qd5+ Kh7 40. Qe6 Qd6 41. Nd5 h4 42. Qxd6 cxd6 43. Nxb6 Rb1 44. Nc4 d5 45. Ne3 Rxb2+ 46. Kf3 Rb5 47. Kg4 Kg8 48. Kxh4 Kf7 49. Kg4 Ra5 50. Kh5 Rxa3 51. Nxd5 a5 52. c4 Rd3 53. Nb6 Rxd4 54. c5 Rf4 55. g4 Rf1 56. g5 Rh1+ 57. Kg4 Rc1 58. g6+ Ke8 0-1

[Event "POL-chT 1st League"]
[Site "Jastrzebia Gora"]
[Date "2015.09.10"]
[Round "6.26"]
[White "Lach, Piotr"]
[Black "Sieciechowicz, Marcin"]
[Result "0-1"]
[WhiteElo "2128"]
[BlackElo "2457"]
[PlyCount "80"]
[EventDate "2015.09.05"]
[EventType "team-tourn"]
[EventRounds "9"]
[EventCountry "POL"]
[SourceTitle "EXT 2016"]
[Source "ChessBase"]
[SourceDate "2015.10.08"]
[SourceVersion "1"]
[SourceVersionDate "2015.10.08"]
[SourceQuality "1"]
[WhiteTeam "Myslenice"]
[BlackTeam "Legnica Miedz"]
[WhiteTeamCountry "POL"]
[BlackTeamCountry "POL"]

1. e4 e6 2. d4 d5 3. Nd2 c5 4. exd5 Qxd5 5. Ngf3 cxd4 6. Bc4 Qd6 7. 0-0 Nf6 8. Nb3 Nc6 9. Nbxd4 Nxd4 10. Qxd4 Qxd4 11. Nxd4 Bd7 12. Bf4 Rc8 13. Bb3 Bc5 14. Rad1 0-0 15. Rfe1 Rfd8 16. h3 b5 17. a3 a5 18. c3 b4 19. axb4 axb4 20. c4 Be8 21. Nf3 Bc6 22. Rxd8+ Rxd8 23. Rd1 Rxd1+ 24. Bxd1 Ne4 25. Be3 Bxe3 26. fxe3 Nc5 27. Nd4 Be4 28. b3 Kf8 29. Bf3 e5 30. Bxe4 exd4 31. Bc2 dxe3 32. Kf1 Ne6 33. Be4 Nd4 34. Bd5 f5 35. c5 g5 36. Ke1 Ke7 37. Bg8 h6 38. Bd5 f4 39. Bg8 Ne6 40. c6 Nd4 0-1

[Event "POL-chT 1st League"]
[Site "Jastrzebia Gora"]
[Date "2015.09.09"]
[Round "5.9"]
[White "Lach, Piotr"]
[Black "Flis, Jacek"]
[Result "1/2-1/2"]
[WhiteElo "2128"]
[BlackElo "2262"]
[PlyCount "68"]
[EventDate "2015.09.05"]
[EventType "team-tourn"]
[EventRounds "9"]
[EventCountry "POL"]
[SourceTitle "EXT 2016"]
[Source "ChessBase"]
[SourceDate "2015.10.08"]
[SourceVersion "1"]
[SourceVersionDate "2015.10.08"]
[SourceQuality "1"]
[WhiteTeam "Myslenice"]
[BlackTeam "Czestochowa Hetman"]
[WhiteTeamCountry "POL"]
[BlackTeamCountry "POL"]

1. e4 c5 2. Nf3 e6 3. d4 cxd4 4. Nxd4 Nc6 5. Nb5 d6 6. Bf4 e5 7. Be3 Nf6 8. Bg5 a6 9. N5c3 Be7 10. Bxf6 Bxf6 11. Nd2 Be6 12. Nc4 Bxc4 13. Bxc4 0-0 14. 0-0 Rc8 15. Nd5 Nd4 16. Bd3 Ne6 17. c3 Nf4 18. Bc2 Nxd5 19. Qxd5 Qb6 20. Bb3 Rc5 21. Qd2 g6 22. Rad1 Be7 23. Qh6 Qd8 24. Rd3 Bg5 25. Qh3 Kg7 26. Rfd1 Be7 27. Qe3 Qc7 28. Bd5 a5 29. b4 axb4 30. cxb4 Rc2 31. Bb3 Rc6 32. Bd5 Rc2 33. Bb3 Rc6 34. Bd5 Rc2 1/2-1/2

[Event "POL-chT 1st League"]
[Site "Jastrzebia Gora"]
[Date "2015.09.06"]
[Round "2.15"]
[White "Butkiewicz, Lukasz"]
[Black "Lach, Piotr"]
[Result "1-0"]
[WhiteElo "2441"]
[BlackElo "2128"]
[PlyCount "71"]
[EventDate "2015.09.05"]
[EventType "team-tourn"]
[EventRounds "9"]
[EventCountry "POL"]
[SourceTitle "EXT 2016"]
[Source "ChessBase"]
[SourceDate "2015.10.08"]
[SourceVersion "1"]
[SourceVersionDate "2015.10.08"]
[SourceQuality "1"]
[WhiteTeam "Wisznia Mala"]
[BlackTeam "Myslenice"]
[WhiteTeamCountry "POL"]
[BlackTeamCountry "POL"]

1. e4 c6 2. d4 d5 3. e5 Bf5 4. Nf3 e6 5. Be2 Nd7 6. 0-0 Bg6 7. c3 Ne7 8. Na3 Nf5 9. Nc2 h5 10. a4 Be7 11. b4 h4 12. h3 b6 13. b5 cxb5 14. axb5 Qc7 15. Qd2 f6 16. exf6 gxf6 17. Ba3 Nd6 18. Bxd6 Bxd6 19. Ne3 Bf4 20. c4 dxc4 21. Rfc1 Be4 22. Rxc4 Qd6 23. Rac1 Kf7 24. Rc6 Bxc6 25. Rxc6 Qa3 26. d5 e5 27. d6 Bxe3 28. fxe3 Nc5 29. Bc4+ Kg7 30. Rc7+ Kg6 31. Qe1 Raf8 32. Kh2 Rh5 33. Nxh4+ Kh6 34. Qg3 Rg5 35. Nf5+ Kg6 36. Rg7+ 1-0

[Event "POL-ch U26"]
[Site "Zabrze"]
[Date "2015.01.10"]
[Round "3"]
[White "Luch, Michal"]
[Black "Lach, Piotr"]
[Result "1-0"]
[WhiteElo "2413"]
[BlackElo "2128"]
[PlyCount "161"]
[EventDate "2015.01.10"]
[EventType "swiss"]
[EventRounds "9"]
[EventCountry "POL"]
[SourceTitle "EXT 2016"]
[Source "ChessBase"]
[SourceDate "2015.10.08"]
[SourceVersion "1"]
[SourceVersionDate "2015.10.08"]
[SourceQuality "1"]

1. d4 f5 2. g3 Nf6 3. Bg2 g6 4. c3 Bg7 5. Qb3 d5 6. Nh3 e6 7. Nd2 Ne4 8. Nf3 0-0 9. Bf4 c5 10. Be5 Bxe5 11. dxe5 g5 12. Nfg1 c4 13. Qc2 Nc6 14. f3 Nc5 15. f4 gxf4 16. gxf4 Qh4+ 17. Kf1 Ne4 18. Nf3 Qh5 19. Nf2 Kh8 20. e3 Bd7 21. Qe2 Rg8 22. Nxe4 fxe4 23. Nd4 Qxe2+ 24. Nxe2 Raf8 25. Kg1 Rg4 26. h3 Rg7 27. Kh2 Ne7 28. Nd4 Rfg8 29. Rhg1 Nf5 30. Nxf5 exf5 31. Bh1 Rxg1 32. Rxg1 Rxg1 33. Kxg1 Be6 34. Kf2 Kg7 35. Bg2 b5 36. Bf1 a5 37. Ke1 Kg6 38. Be2 Bf7 39. Kd2 Kg7 40. Kc2 Kf8 41. b3 Ke7 42. Kb2 Be8 43. bxc4 dxc4 44. a4 Ke6 45. axb5 Bxb5 46. Ka3 Kd5 47. Bh5 Ke6 48. Bd1 Be8 49. Ba4 Bh5 50. Bb5 Kd5 51. Ka4 Be2 52. Kxa5 Kc5 53. Bd7 Bh5 54. Bxf5 Kd5 55. Bxh7 Bf7 56. Kb4 Be8 57. Bf5 Bf7 58. h4 Bh5 59. e6 Be8 60. Ka5 Bh5 61. Kb6 Kd6 62. Bh3 Ke7 63. Kc5 Bg6 64. f5 Be8 65. Kd4 Bc6 66. Ke5 Kf8 67. f6 Be8 68. Bf5 Bc6 69. Kd6 Ke8 70. Kxc6 Kf8 71. e7+ Kf7 72. Bd7 Kxf6 73. e8Q Kg7 74. Qe7+ Kg6 75. Qg5+ Kf7 76. Bf5 Kf8 77. Kd6 Kf7 78. Qg6+ Kf8 79. Qh7 Ke8 80. Bg6+ Kf8 81. Qf7# 1-0

[Event "Golden Rook op 56th"]
[Site "Chotowa"]
[Date "2014.06.11"]
[Round "5"]
[White "Lach, Piotr"]
[Black "Kowalczyk, Rafal"]
[Result "0-1"]
[WhiteElo "2164"]
[BlackElo "2200"]
[PlyCount "120"]
[EventDate "2014.06.08"]
[EventType "team-swiss"]
[EventRounds "9"]
[EventCountry "POL"]
[SourceTitle "EXT 2015"]
[Source "ChessBase"]
[SourceDate "2014.11.20"]
[SourceVersion "1"]
[SourceVersionDate "2014.11.20"]
[SourceQuality "1"]

1. e4 e5 2. Nf3 Nc6 3. Bc4 Bc5 4. 0-0 d6 5. c3 Bg4 6. d3 Nf6 7. Re1 0-0 8. Bb3 Kh8 9. Nbd2 Ne7 10. h3 Bd7 11. d4 exd4 12. cxd4 Bb4 13. Ng5 Be8 14. e5 dxe5 15. dxe5 Nfg8 16. Re4 Nc6 17. h4 h6 18. Ngf3 f5 19. Re3 f4 20. Re4 Bg6 21. Qe2 Nge7 22. Bc2 Bh5 23. Nb3 Ng6 24. Qd3 Qxd3 25. Bxd3 Bxf3 26. gxf3 Ncxe5 27. Be2 Bd6 28. h5 Nh4 29. Nd4 Rae8 30. Kf1 Nd7 31. Bd2 Rxe4 32. fxe4 f3 33. Bc4 Nf6 34. Ne6 Nxe4 35. Bc3 Rf7 36. Nd8 Re7 37. Nf7+ Kh7 38. Nxd6 Nxd6 39. Bd3+ Kg8 40. Re1 Rxe1+ 41. Bxe1 Kf7 42. Bc3 g6 43. Kg1 gxh5 44. Kh2 Nhf5 45. Be5 Ke6 46. Bf4 h4 47. Kh3 c5 48. Bxd6 Nxd6 49. Kxh4 Kd5 50. Kg3 Nf7 51. Bf5 Ne5 52. b3 b5 53. Kf4 Kd4 54. Bh7 h5 55. Bf5 h4 56. Kg5 Nd3 57. Kxh4 Nxf2 58. Bd7 c4 59. bxc4 bxc4 60. Kg3 Ke5 0-1

[Event "Golden Rook op 56th"]
[Site "Chotowa"]
[Date "2014.06.10"]
[Round "4"]
[White "Pulik, Krzysztof"]
[Black "Lach, Piotr"]
[Result "1-0"]
[WhiteElo "2116"]
[BlackElo "2164"]
[PlyCount "59"]
[EventDate "2014.06.08"]
[EventType "team-swiss"]
[EventRounds "9"]
[EventCountry "POL"]
[SourceTitle "EXT 2015"]
[Source "ChessBase"]
[SourceDate "2014.11.20"]
[SourceVersion "1"]
[SourceVersionDate "2014.11.20"]
[SourceQuality "1"]

1. e4 c5 2. c3 e6 3. d4 d5 4. exd5 exd5 5. Nf3 Bd6 6. Be3 cxd4 7. Nxd4 Nf6 8. Bd3 0-0 9. h3 Nc6 10. 0-0 Nxd4 11. Bxd4 Ne4 12. Nd2 Re8 13. Re1 f5 14. Nf1 Be6 15. Qc2 g6 16. f3 Ng3 17. Bb5 Bd7 18. Qb3 Bc6 19. Ne3 Bc7 20. c4 Qd6 21. cxd5 Bxb5 22. Qxb5 Ne2+ 23. Rxe2 Qh2+ 24. Kf1 Bd6 25. Ng4 Qh1+ 26. Kf2 Rxe2+ 27. Qxe2 Qxa1 28. Qe6+ Kf8 29. Qxd6+ Kf7 30. Qd7+ 1-0

[Event "Krakow-ch 3rd"]
[Site "Krakow"]
[Date "2012.08.14"]
[Round "8.4"]
[White "Lach, Piotr"]
[Black "Brzeski, Maciej"]
[Result "1/2-1/2"]
[WhiteElo "2166"]
[BlackElo "2314"]
[PlyCount "62"]
[EventDate "2012.08.08"]
[EventType "swiss"]
[EventRounds "9"]
[EventCountry "POL"]
[SourceTitle "EXT 2023"]
[Source "ChessBase"]
[SourceDate "2022.10.05"]
[SourceVersion "1"]
[SourceVersionDate "2022.10.05"]
[SourceQuality "1"]

1. e4 c5 2. Nf3 Nc6 3. d4 cxd4 4. Nxd4 g6 5. c4 d6 6. Nc3 Nf6 7. Be2 Nxd4 8. Qxd4 Bg7 9. Be3 0-0 10. Qd2 Be6 11. f3 Qa5 12. Rc1 Rfc8 13. b3 a6 14. 0-0 b5 15. Nd5 Qxd2 16. Bxd2 Nxd5 17. cxd5 Bd4+ 18. Kh1 Bd7 19. Rxc8+ Rxc8 20. Rc1 Rxc1+ 21. Bxc1 a5 22. g3 e6 23. dxe6 fxe6 24. Bd2 b4 25. Bg5 d5 26. Kg2 Kg7 27. Be7 Be8 28. Bd3 Bc3 29. Kf1 a4 30. Ke2 Bc6 31. e5 axb3 1/2-1/2

[Event "Krakow-ch 3rd"]
[Site "Krakow"]
[Date "2012.08.08"]
[Round "1.15"]
[White "Latka, Tadeusz"]
[Black "Lach, Piotr"]
[Result "0-1"]
[WhiteElo "1576"]
[BlackElo "2166"]
[PlyCount "118"]
[EventDate "2012.08.08"]
[EventType "swiss"]
[EventRounds "9"]
[EventCountry "POL"]
[SourceTitle "EXT 2023"]
[Source "ChessBase"]
[SourceDate "2022.10.05"]
[SourceVersion "1"]
[SourceVersionDate "2022.10.05"]
[SourceQuality "1"]

1. Nf3 f5 2. g3 Nf6 3. Bg2 g6 4. b3 Bg7 5. Bb2 0-0 6. c4 d6 7. 0-0 e5 8. d3 Nc6 9. Qc2 Qe7 10. a3 Nd8 11. Nc3 c6 12. e4 f4 13. Qd2 Ne6 14. Ne2 g5 15. a4 g4 16. Nh4 f3 17. Bxf3 gxf3 18. Nxf3 Nh5 19. Nh4 Nef4 20. Nxf4 Nxf4 21. gxf4 Qxh4 22. f5 Bh6 23. Qe2 Bf4 24. f3 Kf7 25. Kh1 Rg8 26. Rg1 Bd7 27. Rg4 Rxg4 28. fxg4 Rg8 29. Rg1 c5 30. Bc3 Rg5 31. Be1 Qh3 32. a5 h5 33. gxh5 Rxg1+ 34. Kxg1 Qe3+ 35. Qxe3 Bxe3+ 36. Kg2 Bg5 37. Kf3 Kg7 38. Kg4 Kh6 39. Bh4 Bxh4 40. Kxh4 Be8 41. Kg3 Bxh5 42. Kf2 Bd1 43. Ke3 Bxb3 44. Kd2 Ba4 45. Ke3 Kg5 46. Kf3 Bd1+ 47. Ke3 Bh5 48. Kd2 Kf4 49. Kc2 Kf3 50. Kd2 Kf2 51. Kc2 Kg2 52. h4 Kg3 53. Kd2 Kxh4 54. Ke3 Kg3 55. Kd2 Kf2 56. Kc3 Ke1 57. Kc2 Ke2 58. Kc3 Kd1 59. f6 Bf7 0-1

[Event "Krakow op"]
[Site "Krakow"]
[Date "2012.05.05"]
[Round "8"]
[White "Gbyl, Andrzej"]
[Black "Lach, Piotr"]
[Result "1-0"]
[WhiteElo "2223"]
[BlackElo "2166"]
[PlyCount "60"]
[EventDate "2012.04.29"]
[EventType "swiss"]
[EventRounds "9"]
[EventCountry "POL"]
[SourceTitle "CBM 148 Extra"]
[Source "ChessBase"]
[SourceDate "2012.06.22"]
[SourceVersion "1"]
[SourceVersionDate "2012.06.22"]
[SourceQuality "1"]

1. d4 f5 2. Nc3 Nf6 3. Bg5 d5 4. Bxf6 exf6 5. e3 Be6 6. Bd3 Qd7 7. Nge2 Nc6 8. a3 0-0-0 9. Na4 g6 10. b4 Na5 11. Nc5 Bxc5 12. dxc5 Nc4 13. Nd4 c6 14. a4 f4 15. exf4 Bg4 16. f3 Bh3 17. Rg1 Ne3 18. Qd2 Nxg2+ 19. Rxg2 Bxg2 20. Qxg2 f5 21. Kf1 Rde8 22. b5 Qg7 23. Qf2 Kc7 24. Rb1 Qe7 25. bxc6 bxc6 26. Ba6 Rb8 27. Re1 Qf7 28. Re6 Rb1+ 29. Kg2 Rg8 30. Qe3 h5 1-0

[Event "Krakow op"]
[Site "Krakow"]
[Date "2012.05.04"]
[Round "7"]
[White "Lach, Piotr"]
[Black "Slabek, Grzegorz"]
[Result "1/2-1/2"]
[WhiteElo "2166"]
[BlackElo "2071"]
[PlyCount "44"]
[EventDate "2012.04.29"]
[EventType "swiss"]
[EventRounds "9"]
[EventCountry "POL"]
[SourceTitle "CBM 148 Extra"]
[Source "ChessBase"]
[SourceDate "2012.06.22"]
[SourceVersion "1"]
[SourceVersionDate "2012.06.22"]
[SourceQuality "1"]

1. e4 d5 2. exd5 Nf6 3. c4 c6 4. d4 cxd5 5. Nc3 e6 6. Nf3 Be7 7. cxd5 exd5 8. Bb5+ Bd7 9. Bxd7+ Nbxd7 10. 0-0 0-0 11. Qb3 Nb6 12. Re1 h6 13. Bf4 Rc8 14. h3 Rc4 15. a3 Bd6 16. Bxd6 Qxd6 17. Nb5 Qb8 18. Ne5 Rcc8 19. Rac1 a6 20. Nc3 Qd6 21. Na4 Nxa4 22. Qxa4 g6 1/2-1/2

[Event "Krakow op"]
[Site "Krakow"]
[Date "2012.05.03"]
[Round "6"]
[White "Jakubiec, Artur"]
[Black "Lach, Piotr"]
[Result "1-0"]
[WhiteElo "2521"]
[BlackElo "2166"]
[PlyCount "73"]
[EventDate "2012.04.29"]
[EventType "swiss"]
[EventRounds "9"]
[EventCountry "POL"]
[SourceTitle "CBM 148 Extra"]
[Source "ChessBase"]
[SourceDate "2012.06.22"]
[SourceVersion "1"]
[SourceVersionDate "2012.06.22"]
[SourceQuality "1"]

1. Nf3 c5 2. c4 Nc6 3. Nc3 g6 4. e3 d6 5. d4 cxd4 6. exd4 Bg4 7. Be2 Bg7 8. d5 Bxf3 9. Bxf3 Ne5 10. Be2 Nf6 11. Be3 0-0 12. 0-0 Ned7 13. Rb1 Nc5 14. Qc2 a5 15. a3 Nfd7 16. b4 Na6 17. Rfc1 Rc8 18. Qb3 axb4 19. axb4 Bxc3 20. Rxc3 Nf6 21. Rcc1 Qd7 22. h3 Nc7 23. Bd4 Ra8 24. Qc3 Ne4 25. Qe3 f5 26. Bf3 e5 27. dxe6 Qxe6 28. Bb2 Ra2 29. Bd1 f4 30. Qd4 Qf6 31. Qxf6 Nxf6 32. Bb3 Raa8 33. Rd1 Rad8 34. Rd4 f3 35. Rbd1 d5 36. cxd5 Rd6 37. Rc4 1-0

[Event "Krakow op"]
[Site "Krakow"]
[Date "2012.05.01"]
[Round "3"]
[White "Lach, Piotr"]
[Black "Zaboklicki, Zbigniew"]
[Result "1-0"]
[WhiteElo "2166"]
[BlackElo "1837"]
[PlyCount "123"]
[EventDate "2012.04.29"]
[EventType "swiss"]
[EventRounds "9"]
[EventCountry "POL"]
[SourceTitle "CBM 148 Extra"]
[Source "ChessBase"]
[SourceDate "2012.06.22"]
[SourceVersion "1"]
[SourceVersionDate "2012.06.22"]
[SourceQuality "1"]

1. e4 c5 2. Nf3 Nc6 3. d4 cxd4 4. Nxd4 e6 5. Nb5 d6 6. Bf4 e5 7. Be3 Nf6 8. Bg5 a6 9. N5c3 Be6 10. Nd2 Rc8 11. Nc4 Nd4 12. Bxf6 gxf6 13. Ne3 Qa5 14. Bd3 Rxc3 15. bxc3 Qxc3+ 16. Kf1 Bh6 17. a4 0-0 18. Qe1 Qc5 19. Rb1 b5 20. axb5 axb5 21. h3 Rc8 22. Kg1 Bf4 23. Rb2 Qa3 24. Qb1 Rc5 25. Nd1 Bc4 26. Bxc4 Rxc4 27. c3 Ne6 28. g3 Bh6 29. Rxb5 Ng5 30. Rb3 Qc5 31. Rb5 Qc6 32. Ne3 Nf3+ 33. Kg2 Bxe3 34. Kxf3 Bg5 35. Rb8+ Kg7 36. Rb6 Rxc3+ 37. Kg2 Qc5 38. Rb5 Qc4 39. Rb4 Qc5 40. Rb5 Qc4 41. Rb4 Qc5 42. Rb2 f5 43. Rd1 Qc4 44. h4 Bh6 45. exf5 Qc6+ 46. Kh2 Rf3 47. Qc2 Qd7 48. Qe4 Rxf5 49. Rxd6 Rxf2+ 50. Rxf2 Qxd6 51. Qf5 Qe6 52. Qxe6 fxe6 53. Re2 Kf6 54. Kg2 Bf8 55. Rf2+ Ke7 56. Kf3 h5 57. Ke4 Bg7 58. Ra2 Kf6 59. Ra7 Bf8 60. Ra5 Bd6 61. Ra8 Bc5 62. Rh8 1-0

[Event "Krakow op"]
[Site "Krakow"]
[Date "2012.04.30"]
[Round "2"]
[White "Sadzikowski, Daniel"]
[Black "Lach, Piotr"]
[Result "1-0"]
[WhiteElo "2392"]
[BlackElo "2166"]
[PlyCount "125"]
[EventDate "2012.04.29"]
[EventType "swiss"]
[EventRounds "9"]
[EventCountry "POL"]
[SourceTitle "CBM 148 Extra"]
[Source "ChessBase"]
[SourceDate "2012.06.22"]
[SourceVersion "1"]
[SourceVersionDate "2012.06.22"]
[SourceQuality "1"]

1. e4 c5 2. Nf3 d6 3. d4 cxd4 4. Nxd4 Nf6 5. Nc3 a6 6. Be3 e5 7. Nb3 Be7 8. f3 0-0 9. Qd2 Be6 10. 0-0-0 Qc7 11. g4 Rc8 12. g5 Nh5 13. Kb1 Nd7 14. Rg1 b5 15. Nd5 Bxd5 16. exd5 b4 17. Bh3 a5 18. Bg4 a4 19. Nc1 b3 20. cxb3 Nf4 21. Bxf4 exf4 22. Bxd7 Qxd7 23. Qxf4 axb3 24. Nxb3 Qa7 25. a3 Qb6 26. Qb4 Qf2 27. Qd2 Qxf3 28. Qd3 Qh5 29. h4 g6 30. Qe4 Bf8 31. Qg4 Rcb8 32. Ka2 Bg7 33. Rg2 Rb5 34. Qxh5 gxh5 35. Rc2 h6 36. gxh6 Bxh6 37. Rg2+ Kh7 38. Rf2 Ra7 39. Rf5 Rab7 40. Rd3 Kg6 41. Rf2 Bg7 42. a4 Rb4 43. Ka3 Rxh4 44. Na5 Bxb2+ 45. Rxb2 Rxb2 46. Kxb2 Rxa4 47. Nb3 Rg4 48. Kc3 h4 49. Nd4 Kg5 50. Kd2 Re4 51. Nb5 Kg4 52. Nxd6 Rf4 53. Ke3 Rf3+ 54. Ke2 Rxd3 55. Kxd3 h3 56. Ne4 h2 57. Nf2+ Kf3 58. Nh1 Kg2 59. Ke2 f5 60. d6 f4 61. Nf2 f3+ 62. Ke3 Kf1 63. Kxf3 1-0

[Event "Krakow op"]
[Site "Krakow"]
[Date "2011.08.07"]
[Round "2"]
[White "Lach, Piotr"]
[Black "Zajac, Mateusz"]
[Result "1-0"]
[WhiteElo "2187"]
[BlackElo "1904"]
[PlyCount "63"]
[EventDate "2011.08.06"]
[EventType "swiss"]
[EventRounds "9"]
[EventCountry "POL"]
[SourceTitle "CBM 144 Extra"]
[Source "ChessBase"]
[SourceDate "2011.10.28"]
[SourceVersion "1"]
[SourceVersionDate "2011.10.28"]
[SourceQuality "1"]

1. e4 c5 2. Nf3 d6 3. d4 cxd4 4. Nxd4 Nf6 5. Nc3 a6 6. Bg5 e6 7. f4 Qb6 8. Nb3 Be7 9. Qf3 Nbd7 10. 0-0-0 Qc7 11. Bd3 h6 12. Bh4 g5 13. Bg3 gxf4 14. Bxf4 Ne5 15. Bxe5 dxe5 16. g4 Rg8 17. Rdg1 b5 18. h4 b4 19. Ne2 Nh7 20. Rf1 Bd8 21. Kb1 Qe7 22. Nd2 Bd7 23. Nc4 Bc7 24. Ng3 Rb8 25. Nh5 Rg6 26. Rf2 Kf8 27. Qe3 Bb5 28. Rhf1 f6 29. Nxf6 Nxf6 30. g5 hxg5 31. hxg5 Ke8 32. gxf6 1-0